<?xml version="1.0" encoding="UTF-8"?>
<record
    xmlns:xsi="http://www.w3.org/2001/XMLSchema-instance"
    xsi:schemaLocation="http://www.loc.gov/MARC21/slim http://www.loc.gov/standards/marcxml/schema/MARC21slim.xsd"
    xmlns="http://www.loc.gov/MARC21/slim">

  <leader>04185nam a22003497a 4500</leader>
  <controlfield tag="001">AU-003 | 08519 | AEC-0022</controlfield>
  <controlfield tag="003">FranzMayer</controlfield>
  <controlfield tag="005">20260505160649.0</controlfield>
  <controlfield tag="006">t||||g||||| 00| 0 </controlfield>
  <controlfield tag="007">tz</controlfield>
  <controlfield tag="008">260226s1617    sp ip||g||||| 00| | lat d</controlfield>
  <datafield tag="040" ind1=" " ind2=" ">
    <subfield code="a">BMFM</subfield>
    <subfield code="b">spa</subfield>
    <subfield code="c">BMFM</subfield>
  </datafield>
  <datafield tag="041" ind1="0" ind2=" ">
    <subfield code="a">spa</subfield>
    <subfield code="a">lat</subfield>
  </datafield>
  <datafield tag="084" ind1=" " ind2=" ">
    <subfield code="a">CS-L1-N2</subfield>
  </datafield>
  <datafield tag="245" ind1="0" ind2="0">
    <subfield code="a">Privilegium Infantioniae emitido a favor de Mart&#xED;n de Tornamira</subfield>
  </datafield>
  <datafield tag="246" ind1="0" ind2=" ">
    <subfield code="a">Privilegio de infanzon&#xED;a emitido a favor de Mart&#xED;n de Tornamira</subfield>
  </datafield>
  <datafield tag="260" ind1=" " ind2=" ">
    <subfield code="a">Arag&#xF3;n, Espa&#xF1;a;</subfield>
    <subfield code="c">1617</subfield>
  </datafield>
  <datafield tag="300" ind1=" " ind2=" ">
    <subfield code="a">18 h.;</subfield>
    <subfield code="c">23.5 x 20 x 1.5 cm</subfield>
  </datafield>
  <datafield tag="520" ind1="3" ind2=" ">
    <subfield code="a">Privilegium Infantioniae, emitido por Felipe IV, Rey de Castilla y Arag&#xF3;n, en favor de Mart&#xED;n de Tornamira, reconoci&#xE9;ndolo como infanz&#xF3;n del Reino de Arag&#xF3;n. El documento certifica que &#xE9;l y sus antecesores pertenecen por l&#xED;nea masculina al linaje de los &#x201C;milites et infantiones&#x201D;, seg&#xFA;n se se&#xF1;ala en el propio documento, otorg&#xE1;ndoles privilegios propios de esta clase: exenci&#xF3;n de tributos, libertad personal, derecho a portar armas y a participar en asambleas.</subfield>
    <subfield code="b">Se apoya en testimonios, costumbre jur&#xED;dica local y uso inmemorial del t&#xED;tulo en la provincia de Adernia. El documento presenta un escudo her&#xE1;ldico pintado con la leyenda: Tornamiras de Francia, lo que se&#xF1;ala la pertenencia a una casa o linaje determinado.</subfield>
  </datafield>
  <datafield tag="563" ind1=" " ind2=" ">
    <subfield code="a">Otras referencias f&#xED;sicas: Encuadernaci&#xF3;n entera en piel. El cuerpo del libro est&#xE1; consituido por hojas de pergamino, mismas que forman tres cuadernillos unidos mediante costura sobre cuatro soportes. No se identific&#xF3; el tipo de costura. Tiene otra costura que ocupa cinco orificios distintos a los de la costura sobre soportes, la cual atraviesa los cuadernillos hasta el lomo de una cubierta de cart&#xF3;n. Tiene un cuadernillo de una foja, de tama&#xF1;o menor al resto, cosido al cuerpo en la parte anterior, con la parte interna de la foja entintada en amarillo. La hoja contigua al cuerpo tiene un escudo de armas. La contraguarda anterior es de pergamino, y las hojas de guarda posteriores son una foja de pergamino, entintado en una de sus caras, cosidas al cuerpo a los soportes de costura. Aparentemente tuvo cabezadas azules que ya se perdieron. Las hojas del cuerpo no se refinaron juntas (cantos sin refinar). Tiene una cubierta de cart&#xF3;n que posteriormente se recubri&#xF3; con piel, la cual funciona como los soportes de las tapas. Decoraci&#xF3;n con dorado en las tapas y el lomo. Cierres de tela perdidos. Texto manuscrito con tinta ferrog&#xE1;lica, delimitados por m&#xE1;rgenes negros alrededor de la caja de texto; m&#xE1;rgenes menos intensos sobre los que se escribi&#xF3; el texto. Anotaciones con tinta ferrog&#xE1;lica</subfield>
  </datafield>
  <datafield tag="591" ind1=" " ind2=" ">
    <subfield code="a">Estado de Conservaci&#xF3;n: Regular</subfield>
  </datafield>
  <datafield tag="591" ind1=" " ind2=" ">
    <subfield code="b">Descripci&#xF3;n de conservaci&#xF3;n: Suciedad general; manchas; galer&#xED;as en tapas, lomo y en soporte de cart&#xF3;n del lomo; cofia de pie rota; p&#xE9;rdida de decoraci&#xF3;n por abrasi&#xF3;n en el lomo y en las tapas; abrasi&#xF3;n en cantos de las tapas; punta anterior de cabeza y anterior de pie desnudas; puntas dobladas; roturas en el soporte del lomo; roturas y faltantes en las hojas y en lomo del primer cuadernillo. El libro est&#xE1; estable, nivel amarillo, necesita cuidados al manipularse</subfield>
  </datafield>
  <datafield tag="592" ind1=" " ind2=" ">
    <subfield code="a">Marcas Adicionales: Estructura de p&#xE1;rrafos de 21 l&#xED;neas por hoja. Escudo nobiliario de &lt;&lt;Tornamires de Francia&gt;&gt; en hoja 1. Presenta dos letras capitulares en dorado enmarcadas, decoradas con flores rojas y rosas, fondo azul en hoja 1. En la hoja 1, las primeras oraciones que van dirigidas al rey est&#xE1;n en dorado as&#xED; como el nombre de Mart&#xED;n de Tornamira. Firmas autografas de Martine de Tornamira y otras 5 personas en la hoja 24. Colof&#xF3;n en la hoja 24 </subfield>
  </datafield>
  <datafield tag="600" ind1="1" ind2="0">
    <subfield code="a">Tornamira de, Mart&#xED;n </subfield>
    <subfield code="x">Genealogy</subfield>
    <subfield code="9">30109</subfield>
  </datafield>
  <datafield tag="650" ind1="1" ind2="0">
    <subfield code="a">Nobility</subfield>
    <subfield code="z">Kingdoms of Spain</subfield>
    <subfield code="9">30106</subfield>
  </datafield>
  <datafield tag="650" ind1="1" ind2="0">
    <subfield code="a">Honorary and noble titles</subfield>
    <subfield code="x">Law and legislation</subfield>
    <subfield code="z">New Spain</subfield>
    <subfield code="9">30110</subfield>
  </datafield>
  <datafield tag="655" ind1=" " ind2="0">
    <subfield code="a">Manuscripts, Spanish </subfield>
    <subfield code="z">Spain</subfield>
    <subfield code="z">Aragon</subfield>
    <subfield code="9">30111</subfield>
  </datafield>
  <datafield tag="710" ind1="1" ind2="2">
    <subfield code="a">Real Chanciller&#xED;a del Reino de Arag&#xF3;n</subfield>
    <subfield code="9">30046</subfield>
  </datafield>
  <datafield tag="856" ind1=" " ind2=" ">
    <subfield code="q">TIF//PDF</subfield>
    <subfield code="u">https://bibliotecadigital.franzmayer.org.mx/items/eafad384-7b70-4250-9465-da7164a05d93</subfield>
    <subfield code="y">Biblioteca Digital Franz Mayer</subfield>
  </datafield>
  <datafield tag="902" ind1=" " ind2=" ">
    <subfield code="a">KH</subfield>
    <subfield code="a">TV</subfield>
    <subfield code="a">FM</subfield>
  </datafield>
  <datafield tag="942" ind1=" " ind2=" ">
    <subfield code="2">lcc</subfield>
    <subfield code="c">D</subfield>
  </datafield>
  <datafield tag="999" ind1=" " ind2=" ">
    <subfield code="c">11101</subfield>
    <subfield code="d">11101</subfield>
  </datafield>
  <datafield tag="952" ind1=" " ind2=" ">
    <subfield code="0">0</subfield>
    <subfield code="1">0</subfield>
    <subfield code="2">lcc</subfield>
    <subfield code="4">0</subfield>
    <subfield code="5">2</subfield>
    <subfield code="7">0</subfield>
    <subfield code="8">LAR</subfield>
    <subfield code="a">BRCA</subfield>
    <subfield code="b">BRCA</subfield>
    <subfield code="f">CS-L1-N2</subfield>
    <subfield code="i">AU-003 | 8519 | AEC-0022</subfield>
    <subfield code="l">0</subfield>
    <subfield code="p">LAR00226</subfield>
    <subfield code="r">2026-02-26 12:15:00</subfield>
    <subfield code="w">2026-02-26</subfield>
    <subfield code="y">D</subfield>
  </datafield>
</record>
